| 000 | 00628nam a2200205 a 4500 | ||
|---|---|---|---|
| 005 | 20140310183622.0 | ||
| 008 | 121203s19uu xx 00 eng d | ||
| 020 | _a9781466502888 | ||
| 050 |
_aHD 69.P75 _b.M356 2012 |
||
| 100 | _aMaley, Claude H. | ||
| 245 |
_aProject management concepts, methods, and techniques / _cClaude H. Maley. |
||
| 260 |
_aBoca Raton, Fla : _bCRC Press, _c2012. |
||
| 300 |
_axxviii, 453 p. : _bill. ; _c24 cm. |
||
| 440 | _aESI international project management series | ||
| 500 | _aIncludes index | ||
| 521 | _aBSBA | ||
| 650 | _aProject management | ||
| 942 |
_cBK _2lcc _kFOR |
||
| 999 |
_c25424 _d25424 |
||